My Blood - Ellie Goulding; Lyrics - Statistics

General Stats
  • This quiz has been taken 41 times
  • The average score is 235 of 286
Answer Stats
Lyrics % Correct
a
100%
and
100%
go
100%
god
100%
i
100%
i'm
100%
it
100%
my
100%
to
100%
all
94%
eternity
94%
for
94%
knows
94%
me
94%
now
94%
on
94%
ring
94%
the
94%
you
94%
blood
88%
but
88%
heal
88%
its
88%
it's
88%
lost
88%
only
88%
so
88%
that
88%
way
88%
away
81%
break
81%
chain
81%
doesn't
81%
every
81%
feeling
81%
from
81%
just
81%
not
81%
will
81%
alarms
75%
bleed
75%
did
75%
flesh
75%
prove
75%
see
75%
thought
75%
with
75%
in
69%
is
69%
love
69%
miles
69%
thousand
69%
waves
69%
dying
63%
flee
63%
knew
63%
of
63%
walked
63%
as
56%
gunfire
56%
help
56%
thoughts
56%
bones
50%
caught
50%
color
50%
frame
50%
lifeless
50%
own
50%
soul
50%
crossfire
44%
rocks
44%
sail
44%
breath
38%
drowns
38%
this
38%
are
31%
bleach
31%
buried
31%
ecstasy
31%
empty
31%
steal
31%
was
31%
bullets
25%
forgotten
25%
him
25%
dreams
19%
sleep
19%
thrown
19%
nows
0%
No matching quizzes found
Score Distribution
Percent of People with Each Score
Percentile by Number Answered
Your Score History
You have not taken this quiz